000 00341nam a22001457a 4500
003 SGT
020 _a978-93-5152-774-9
100 _aKUSHWAHA, POONAM
245 _aHAND BOOK OF PHARMACEUTICAL TECHNOLOGY
250 _a1st
260 _aJAYPEE, BROTHER
_bDELHI
_c2015
650 _a PHARMACEUTICAL
653 _aTECHNOLOGY
942 _2ddc
_cBK
999 _c24670
_d24670